| 000 | nam a22 7a 4500 | ||
|---|---|---|---|
| 999 |
_c28747 _d28747 |
||
| 008 | 170317b xxu||||| |||| 00| 0 eng d | ||
| 020 | _a9781578015054 | ||
| 050 | _aRA 790 .W37 2014 | ||
| 100 | _aWard, Karen S. | ||
| 245 |
_aCaring for Patients with Mental Health Issues: _bStrategies for all Nurses/ _cKaren S. Ward |
||
| 250 | _a1st ed. | ||
| 260 |
_aBrockton, MA: _bWestern Schools, _c2014. |
||
| 300 |
_axxvii,311p.: _bill.; _c28cm. |
||
| 521 | _aIncludes bibliographical reference and index. | ||
| 942 |
_2lcc _cBOOKS _hRA 790 .W37 2014 |
||